|
|
|
|
| LEADER |
00000nab a2200000 a 4500 |
| 001 |
vtls000204791 |
| 003 |
SK-MaSNL |
| 005 |
20260303165427.0 |
| 008 |
111130c1984 xo 0 slo |
| 015 |
|
|
|a SNBRB19rr/mm-uuuuu
|
| 035 |
|
|
|a CL0214904
|
| 040 |
|
|
|a SNKBUCL
|b slo
|c SNKBUCL
|e AACR2
|
| 041 |
0 |
|
|a slo
|
| 044 |
|
|
|a xo
|c SK
|
| 080 |
|
|
|a 796.912.093.1-053.67
|2 1981
|
| 100 |
1 |
|
|a Ščepán, Stanislav,
|d 1957-
|4 aut
|9 221823
|
| 245 |
1 |
0 |
|a Paráda Taranenkovej a Galinda
|b Po dve prvenstvá do NDR a USA
|c Stano Ščepán
|
| 300 |
|
|
|b Obr. 1.
|
| 650 |
0 |
7 |
|a krasokorčuľovanie
|2 snkbucl
|9 3255
|
| 650 |
0 |
7 |
|a Veľká cena SNP
|2 snkbucl
|9 1191700
|
| 651 |
|
7 |
|a 5301
|2 snkbucl
|9 893756
|
| 655 |
|
7 |
|a články z novín a časopisov
|2 snkbucl
|9 267496
|
| 773 |
0 |
|
|t Šport
|g Roč. 38, č. 280 (26. 11. 1984), s. 1 a 4
|
| 850 |
|
|
|a Slovenská národná knižnica v Martine
|a MTA001
|
| 852 |
|
|
|a SNK
|b KIS3GCP
|
| 958 |
|
|
|a RK
|
| 992 |
|
|
|a RBX
|
| 999 |
|
|
|c 2071663
|d 2073593
|